[Event "3rd HoliCup Lake City 2019"]
[Site "Udaipur"]
[Date "2019.03.31"]
[Round "7.16"]
[White "Rathore, S.K."]
[Black "Falgun, D Purohit"]
[Result "1-0"]
[WhiteElo "2092"]
[BlackElo "1727"]
[Annotator "NA RC"]
[PlyCount "146"]
[EventDate "2019.??.??"]
[EventCountry "IND"]
[SourceTitle "playchess.com"]
[Source "ChessBase"]
[SourceQuality "1"]
[TimeControl "5400+30"]

{[%evp 18,146,-21,-22,-23,-48,-38,-43,-8,-24,-4,-6,-8,-31,18,15,5,20,8,4,30,1,12,10,12,0,0,0,7,0,32,9,12,8,0,-6,-4,0,0,-780,31,15,65,34,56,32767,32767,32767,32767,32767,32767,32767,32767,32767,32767,32767,32767,32767,32767,32767,32767,32767,18,0,0,0,0,0,0,0,0,0,0,0,0,0,0,0,0,0,0,0,4,3,8,32767,32767,32767,32767,32767,8,0,18,10,77,13,28,19,325,427,576,572,580,1891,693,581,1023,1172,1273,677,472,1608,786,2217,1056,4772,3080,5576,29973,29978,29988,29977,29976,29985,29985,29986,29990,29990,29991,29991,29991]} 1. e4 {[%emt 0:00:00]} c6 {[%emt 0:00:00]} 2. Nc3 {[%emt 0:00:10]} d5 {[%emt 0:00:03]} 3. Nf3 {[%emt 0:00:12]} Bg4 {[%emt 0:00:12]} 4. h3 {[%emt 0:06:35]} Bxf3 {[%emt 0:02:03]} 5. Qxf3 {[%emt 0:00:05]} e6 {[%emt 0:00:07]} 6. b3 {[%emt 0:05:52]} Nf6 {[%emt 0:03:36] B11: Caro-Kann: Two Knights Variation} 7. Bb2 {[%emt 0:00:37]} Nbd7 {[%emt 0:01:11]} 8. exd5 {[%emt 0:01:05]} (8. Qe3 Bd6 9. g3 O-O 10. Bg2 Qb6 11. Qxb6 {½-½ (11) Golubka,P (2484)-Khenkin,I (2565) Bad Homburg 2018}) 8... cxd5 {[%emt 0:00:36]} 9. Bb5 {[%emt 0:06:47]} a6 $146 {[%emt 0:02:10]} ({Predecessor:} 9... Be7 10. O-O O-O 11. d4 Qa5 12. Bd3 Ba3 13. Bxa3 Qxa3 14. Qg3 {0-1 (83) Bengherabi,K (2170)-Laurusas,T (2435) Tromsoe 2014}) 10. Bxd7+ {[%emt 0:06:00]} Qxd7 {[%emt 0:00:13]} 11. g4 {[%emt 0:03:48]} Qc7 {[%emt 0:02:33]} 12. Rc1 {[%emt 0:04:37]} Qe5+ {[%emt 0:02:40]} 13. Qe2 {[%emt 0:09:56]} Qxe2+ {[%emt 0:01:24]} 14. Nxe2 {[%emt 0:00:14]} Be7 {[%emt 0:00:25]} 15. c4 {[%emt 0:04:56]} O-O {[%emt 0:05:22]} (15... dxc4 $15 16. Rxc4 b5) 16. Bxf6 {[%emt 0:06:57]} Bxf6 {[%emt 0:00:04]} 17. cxd5 {[%emt 0:00:23]} exd5 {[%emt 0:00:04]} 18. Rc7 {[%emt 0:00:32]} b5 {[%emt 0:00:15]} 19. Rc5 {[%emt 0:07:25]} Rfd8 {[%emt 0:02:25]} 20. O-O {[%emt 0:04:28]} Be7 {[%emt 0:07:17]} 21. Rc7 {[%emt 0:02:24]} Ba3 {[%emt 0:00:58]} 22. Nc3 {[%emt 0:06:25]} Bd6 {[%emt 0:03:28]} 23. Rc6 {[%emt 0:00:40]} Bb4 {[%emt 0:00:40]} 24. Rc1 {[%emt 0:02:49]} Ba3 {[%emt 0:02:39]} 25. Re1 {[%emt 0:03:16]} d4 {[%emt 0:04:47]} 26. Nb1 {[%emt 0:01:15]} Bb4 {[%emt 0:00:26]} 27. Kg2 {[%emt 0:00:15]} a5 {[%emt 0:07:32]} 28. a3 {[%emt 0:02:29]} (28. d3 $2 {[%emt 0:02:07][%mdl 8192]}) (28. Re5 $11) 28... Bf8 {[%emt 0:03:28]} 29. d3 {[%emt 0:00:08]} Rd5 {[%emt 0:01:32]} 30. Re2 {[%emt 0:01:31]} h5 {[%emt 0:01:05]} 31. Rec2 {[%emt 0:00:32]} hxg4 {[%emt 0:00:16]} 32. hxg4 {[%emt 0:00:05]} f6 {[%emt 0:05:35]} 33. Rc8 {[%emt 0:01:18]} Ra7 {[%emt 0:01:14]} 34. Rb8 {[%emt 0:00:58]} Kf7 {[%emt 0:00:19]} 35. a4 {[%emt 0:00:36]} bxa4 {[%emt 0:00:12]} 36. bxa4 {[%emt 0:00:03]} Bb4 {[%emt 0:01:05]} 37. Nd2 {[%emt 0:00:35]} Bxd2 {[%emt 0:09:22]} 38. Rxd2 {[%emt 0:00:27]} Rc7 {[%emt 0:00:02]} 39. Kf3 {[%emt 0:02:21]} Rc3 {[%emt 0:03:27]} 40. Ke4 {[%emt 0:00:24]} Re5+ {[%emt 0:00:39]} 41. Kxd4 {[%emt 0:00:18]} Ra3 {[%emt 0:00:06]} 42. Rc2 {[%emt 0:00:18]} Rxa4+ {[%emt 0:00:09]} 43. Rc4 {[%emt 0:00:14]} Ra2 {[%emt 0:00:23]} 44. Rc7+ {[%emt 0:00:53]} Re7 {[%emt 0:04:07]} 45. Rxe7+ {[%emt 0:00:29]} Kxe7 {[%emt 0:00:00]} 46. Rb7+ {[%emt 0:00:23]} Ke6 {[%emt 0:00:14]} 47. Rb6+ {[%emt 0:02:18]} Ke7 {[%emt 0:00:47]} 48. f3 {[%emt 0:00:34]} Ra4+ {[%emt 0:06:04]} 49. Ke3 {[%emt 0:00:19]} g6 {[%emt 0:00:45]} 50. g5 {[%emt 0:01:50]} fxg5 {[%emt 0:02:43]} 51. Rxg6 {[%emt 0:00:15]} Rb4 {[%emt 0:00:11]} 52. Rxg5 {[%emt 0:00:16]} a4 {[%emt 0:00:05]} 53. Ra5 {[%emt 0:00:17]} Kd6 {[%emt 0:00:18]} 54. d4 {[%emt 0:00:13]} Rb3+ {[%emt 0:01:55]} 55. Ke4 {[%emt 0:00:03]} a3 {[%emt 0:00:03]} (55... Ra3 $11 {keeps the balance.}) 56. Ra6+ {[%emt 0:00:19]} Kd7 {[%emt 0:00:27]} 57. f4 {[%emt 0:00:06]} Kc7 $2 {[%emt 0:00:16]} (57... Ke7 $16 58. Ra7+ Kf6) 58. f5 {[%emt 0:00:09]} Kb7 {[%emt 0:00:15]} 59. Ra4 {[%emt 0:01:13]} Kc6 {[%emt 0:00:05]} 60. f6 {[%emt 0:00:39]} Kd7 {[%emt 0:00:51]} 61. Ke5 {[%emt 0:00:53]} (61. d5 $142 Rb6 62. Kf5 (62. Rxa3 Rxf6 63. Ke5 Rf1 $16)) 61... Re3+ {[%emt 0:00:39]} 62. Kd5 {[%emt 0:00:22]} Rf3 {[%emt 0:00:39]} 63. Ra7+ {[%emt 0:00:20]} Ke8 {[%emt 0:00:14]} 64. Ke5 {[%emt 0:00:55]} Re3+ {[%emt 0:00:14] [#]} 65. Kf4 $1 {[%emt 0:00:40]} Rb3 {[%emt 0:04:34]} 66. d5 {[%emt 0:00:23]} Rd3 {[%emt 0:01:08] [#]} 67. Ke4 $1 {[%emt 0:00:25]} Rh3 {[%emt 0:01:08]} 68. d6 {[%emt 0:01:32]} a2 {[%emt 0:05:47]} 69. Rxa2 {[%emt 0:02:08]} Kd7 {[%emt 0:00:34]} 70. f7 {[%emt 0:01:28]} Rh8 {[%emt 0:00:30]} 71. Rf2 {[%emt 0:00:22]} Rf8 {[%emt 0:00:13]} 72. Ke5 {[%emt 0:00:17]} Kd8 {[%emt 0:00:39]} 73. Ke6 {[%emt 0:00:24]} Kc8 {[%emt 0:00:15]} 1-0

[Event "3rd HoliCup Lake City 2019"]
[Site "Udaipur"]
[Date "2019.03.31"]
[Round "7.17"]
[White "Pandey, Srishti"]
[Black "Rawal, Shailesh"]
[Result "1/2-1/2"]
[WhiteElo "2020"]
[BlackElo "1716"]
[Annotator "NA RC"]
[PlyCount "89"]
[EventDate "2019.??.??"]
[EventCountry "IND"]
[SourceTitle "playchess.com"]
[Source "ChessBase"]
[SourceQuality "1"]
[TimeControl "5400+30"]

{[%evp 26,89,39,14,36,25,35,19,22,22,27,18,36,35,29,24,26,34,27,18,24,27,17,0,8,5,16,0,0,0,6,0,0,-44,-34,-61,-61,-52,-60,-88,-61,-73,-95,-157,-136,-142,-148,-119,-182,-310,-362,-493,-113,-124,0,-478,-554,-472,0,0,0,0,0,0,0,0]} 1. d4 {[%emt 0:03:59]} Nf6 {[%emt 0:00:00]} 2. c4 {[%emt 0:00:32]} e6 {[%emt 0:00:00]} 3. Nf3 {[%emt 0:00:14]} b6 {[%emt 0:00:01]} 4. g3 {[%emt 0:00:38]} Bb7 {[%emt 0:00:07]} 5. Bg2 {[%emt 0:00:04]} g6 {[%emt 0:00:21]} 6. O-O {[%emt 0:00:52]} Bg7 {[%emt 0:00:02]} 7. Nc3 {[%emt 0:00:05]} Ne4 {[%emt 0:00:13] E16: Queen's Indian: 4 g3 Bb7 5 Bg2 Bb4+} (7... O-O 8. d5 exd5 9. cxd5 Re8 10. Nd4 c5 11. Ndb5 d6 12. Bf4 Bf8 13. a4 a6 14. Na3 Nh5 15. Bd2 Nd7 {1-0 (47) Ponomariov,R (2686)-Hou,Y (2658) Shenzhen 2018}) 8. Qd3 {[%emt 0:04:31]} Nxc3 {[%emt 0:00:18]} 9. Qxc3 {[%emt 0:02:41]} O-O {[%emt 0:00:24]} 10. Bg5 {[%emt 0:07:40]} Qc8 {[%emt 0:00:19]} 11. Qd2 {[%emt 0:02:20]} d6 {[%emt 0:01:03]} 12. d5 {[%emt 0:02:06]} e5 {[%emt 0:01:10]} 13. e4 $146 {[%emt 0:00:51]} ({Predecessor:} 13. Bh6 a5 14. e4 Na6 15. Nh4 {½-½ (32) Van de Mortel,J (2410)-Welling,G (2364) Germany 2001}) 13... a5 {[%emt 0:02:41]} 14. h4 {[%emt 0:10:52]} h5 {[%emt 0:05:29]} 15. Kh2 {[%emt 0:09:04]} Qe8 {[%emt 0:01:24]} 16. Ne1 {[%emt 0:08:36]} Bc8 {[%emt 0:04:30]} 17. Nd3 {[%emt 0:03:14]} Kh7 {[%emt 0:02:36]} 18. Be3 {[%emt 0:01:21]} f5 {[%emt 0:05:03]} 19. f4 {[%emt 0:00:38]} fxe4 {[%emt 0:05:37]} 20. Nf2 {[%emt 0:00:17]} Bf5 {[%emt 0:05:28]} 21. Bxe4 {[%emt 0:04:06]} Nd7 {[%emt 0:12:52]} 22. Rae1 {[%emt 0:06:14]} Bh6 {[%emt 0:11:18]} 23. Bxf5 {[%emt 0:08:22]} Rxf5 {[%emt 0:03:14]} 24. Ne4 {[%emt 0:01:04]} Qf8 {[%emt 0:09:46]} 25. Kg2 {[%emt 0:01:41]} Re8 {[%emt 0:03:08]} 26. Ng5+ {[%emt 0:07:59]} Bxg5 $1 {[%emt 0:01:52]} 27. fxg5 {[%emt 0:00:06]} Qf7 {[%emt 0:05:09]} 28. Rxf5 {[%emt 0:02:47]} Qxf5 {[%emt 0:00:38]} 29. Rf1 {[%emt 0:00:40]} Qe4+ {[%emt 0:00:09]} 30. Kh2 {[%emt 0:00:10]} Rf8 {[%emt 0:01:21]} 31. Rxf8 {[%emt 0:00:50]} Nxf8 {[%emt 0:00:02]} 32. Qf2 {[%emt 0:01:26]} Kg8 {[%emt 0:01:22]} 33. b3 {[%emt 0:01:03]} a4 {[%emt 0:00:55]} 34. Bc1 {[%emt 0:02:39]} (34. Qd2 $1 $15) 34... axb3 {[%emt 0:00:29]} 35. axb3 {[%emt 0:00:11]} Qd3 {[%emt 0:03:43]} 36. Qe3 {[%emt 0:00:53]} Qc2+ {[%emt 0:02:36]} 37. Kh3 {[%emt 0:00:31] [#]} (37. Bd2 {was worth a try.}) 37... Nd7 $1 {[%emt 0:00:24]} 38. Ba3 {[%emt 0:01:49]} Qd1 {[%emt 0:00:54]} 39. Kg2 {[%emt 0:00:43]} Qc2+ {[%emt 0:00:54]} ({Black should try} 39... Qb1 $17 40. Bb4 Qb2+ 41. Kg1 Qc2) 40. Kh3 $1 {[%emt 0:00:52]} e4 {[%emt 0:01:30]} 41. Qf4 {[%emt 0:04:07]} Ne5 $2 {[%emt 0:03:54]} ({Black should play} 41... Qb1 $19 {[%cal Rb1h1]} 42. Bc1 Qxb3 43. Qxe4 Ne5) 42. Qf6 {[%emt 0:00:40]} e3 {[%emt 0:03:39]} 43. Qd8+ {[%emt 0:00:10]} Kg7 {[%emt 0:00:32]} 44. Qf6+ {[%emt 0:00:06]} Kg8 {[%emt 0:00:10]} 45. Qd8+ $11 {[%emt 0:00:05]} 1/2-1/2

[Event "3rd HoliCup Lake City 2019"]
[Site "Udaipur"]
[Date "2019.03.31"]
[Round "7.18"]
[White "Babel, T Divyanshu"]
[Black "Anadkat, Kartavya"]
[Result "0-1"]
[WhiteElo "1676"]
[BlackElo "1998"]
[Annotator "NA RC"]
[PlyCount "90"]
[EventDate "2019.??.??"]
[EventCountry "IND"]
[SourceTitle "playchess.com"]
[Source "ChessBase"]
[SourceQuality "1"]
[TimeControl "5400+30"]

{[%evp 17,90,-24,-28,-20,-14,-24,-22,-26,-22,-34,-39,-28,-19,-60,-43,-86,-50,-43,-43,-36,-39,-42,-33,-37,-38,-70,-17,-28,-12,-45,-45,-54,-52,-55,-30,-58,-25,-54,-37,-27,-21,-42,-27,-51,-17,-41,-29,-47,-41,-55,-56,-83,-93,-143,-147,-145,-138,-127,-161,-156,-180,-178,-119,-335,-334,-547,-587,-580,-612,-568,-579,-629,-645,-2308,-6325]} 1. c4 {[%emt 0:00:06]} Nf6 {[%emt 0:00:00]} 2. g3 {[%emt 0:00:13]} g6 {[%emt 0:00:00]} 3. Bg2 {[%emt 0:00:33]} Bg7 {[%emt 0:00:00]} 4. Nc3 {[%emt 0:02:52]} O-O {[%emt 0:00:03]} 5. e3 {[%emt 0:04:23]} c6 {[%emt 0:05:23]} 6. Nge2 {[%emt 0:07:21]} d5 {[%emt 0:00:58]} 7. cxd5 {[%emt 0:06:52]} cxd5 {[%emt 0:00:03]} 8. Qb3 {[%emt 0:01:12] A16: English Opening: 1...Nf6 with ...d5} (8. d4 Nc6 9. O-O e6 10. b3 b6 11. Ba3 Re8 12. Rc1 Qd7 13. Nf4 Ba6 14. Re1 Rac8 15. Nd3 Bf8 16. Bb2 Qd8 17. a3 Re7 {½-½ (17) Rakhmanov,A (2653)-Mamedov,N (2588) Izmir 2016}) 8... e6 {[%emt 0:00:05]} 9. O-O {[%emt 0:01:15]} Nc6 {[%emt 0:00:59]} 10. d4 {[%emt 0:01:47]} b6 {[%emt 0:01:27]} 11. Qc2 {[%emt 0:01:39]} Ba6 {[%emt 0:03:56]} 12. Qa4 $146 {[%emt 0:04:02]} ({Predecessor:} 12. b3 Qd6 13. Qd2 {½-½ (13) Quinn,M (2381)-Al Sayed,M (2370) Istanbul 2000}) 12... Bb7 {[%emt 0:01:24]} 13. b4 {[%emt 0:01:33]} Qd7 {[%emt 0:01:11]} 14. Qb3 {[%emt 0:04:56]} Rfc8 {[%emt 0:02:09]} 15. Bb2 {[%emt 0:02:48]} Ne8 {[%emt 0:01:31]} 16. Rfd1 {[%emt 0:05:58]} Nd6 {[%emt 0:04:45]} 17. e4 {[%emt 0:01:54]} Nxe4 {[%emt 0:03:09]} 18. Nxe4 {[%emt 0:03:20]} dxe4 {[%emt 0:00:07]} 19. d5 {[%emt 0:05:58]} exd5 {[%emt 0:00:01]} 20. Bxg7 {[%emt 0:06:04]} Kxg7 {[%emt 0:00:28] [#]} 21. Bxe4 $1 {[%emt 0:10:05]} Ne7 {[%emt 0:01:31]} 22. Nf4 {[%emt 0:02:44]} Rd8 {[%emt 0:02:40]} 23. Rd4 {[%emt 0:06:40]} Nf5 {[%emt 0:09:12]} 24. Bxf5 {[%emt 0:03:06]} Qxf5 {[%emt 0:00:03]} 25. Rad1 {[%emt 0:00:02]} Rd7 {[%emt 0:06:07]} 26. Qa4 {[%emt 0:09:45]} Rd6 {[%emt 0:02:28]} 27. b5 {[%emt 0:01:20]} Qd7 {[%emt 0:01:32]} 28. Qb3 {[%emt 0:01:04]} Rd8 {[%emt 0:03:20]} 29. Ng2 {[%emt 0:02:46]} Re8 {[%emt 0:02:02]} 30. Qb4 {[%emt 0:01:21]} Re5 {[%emt 0:05:49]} 31. Ne3 {[%emt 0:00:43]} Rde6 {[%emt 0:05:12]} 32. a4 {[%emt 0:00:50]} Qe7 {[%emt 0:01:27]} 33. Qc3 {[%emt 0:00:18]} Kg8 {[%emt 0:01:33]} 34. Rc1 {[%emt 0:00:28]} Re4 {[%emt 0:03:06]} 35. Rxe4 {[%emt 0:00:53]} (35. Kf1 $142) 35... Rxe4 {[%emt 0:00:18]} 36. Qc7 {[%emt 0:00:21]} d4 {[%emt 0:00:33]} 37. Qxe7 {[%emt 0:00:33]} Rxe7 {[%emt 0:00:04]} 38. Nf1 {[%emt 0:00:26]} d3 {[%emt 0:00:49]} 39. Rd1 {[%emt 0:00:17]} Rd7 {[%emt 0:00:16]} ({Black should play} 39... Re4 $19 40. Rxd3 Rxa4) 40. Rd2 $2 {[%emt 0:00:23]} (40. Nd2) 40... Bf3 {[%emt 0:00:27]} 41. Ra2 $2 {[%emt 0:00:50]} (41. h3) 41... Rc7 {[%emt 0:01:06]} 42. Rd2 {[%emt 0:00:09]} Rc1 {[%emt 0:00:43]} 43. Rxd3 {[%emt 0:00:21]} Be2 {[%emt 0:00:02] Double Attack} 44. Rd8+ $19 {[%emt 0:00:15]} Kg7 {[%emt 0:00:01]} 45. Rd7 {[%emt 0:00:22]} Bxf1 {[%emt 0:00:14]} 0-1

[Event "3rd HoliCup Lake City 2019"]
[Site "Udaipur"]
[Date "2019.03.31"]
[Round "7.19"]
[White "Himanshu, Ranjan"]
[Black "Garv, Gaur"]
[Result "1/2-1/2"]
[WhiteElo "1984"]
[BlackElo "1711"]
[Annotator "NA RC"]
[PlyCount "66"]
[EventDate "2019.??.??"]
[EventCountry "IND"]
[SourceTitle "playchess.com"]
[Source "ChessBase"]
[SourceQuality "1"]
[TimeControl "5400+30"]

{[%evp 21,66,8,7,5,29,0,0,0,11,1,14,-6,0,0,0,0,11,-26,-22,0,-14,-28,-8,-20,69,-28,12,5,28,9,21,23,0,0,-21,-63,0,-8,0,-12,12,32767,41,35,85,10,3]} 1. d4 {[%emt 0:00:00]} d5 {[%emt 0:00:10]} 2. c4 {[%emt 0:00:00]} e6 {[%emt 0:00:37]} 3. Nc3 {[%emt 0:00:00]} Nf6 {[%emt 0:00:27]} 4. Bg5 {[%emt 0:00:00]} Be7 {[%emt 0:00:42]} 5. e3 {[%emt 0:00:00]} O-O {[%emt 0:00:14]} 6. Nf3 {[%emt 0:00:00]} h6 {[%emt 0:01:17]} 7. Bh4 {[%emt 0:00:00]} Nbd7 {[%emt 0:00:35]} 8. Rc1 {[%emt 0:01:44]} c6 {[%emt 0:03:31]} 9. Bd3 {[%emt 0:06:58]} dxc4 {[%emt 0:06:47]} 10. Bxc4 {[%emt 0:00:04]} b5 {[%emt 0:02:08]} 11. Bd3 {[%emt 0:06:20]} Bb7 {[%emt 0:01:27]} 12. O-O {[%emt 0:01:56]} a6 {[%emt 0:02:17]} 13. Qe2 {[%emt 0:12:21]} c5 {[%emt 0:13:22]} 14. Bb1 {[%emt 0:05:49] D63: Queen's Gambit Declined: Classical: 7 Rc1} (14. a3 cxd4 15. Nxd4 Nd5 16. Bxe7 Nxe7 17. Rfd1 Qb6 18. b4 Rfd8 19. Nb3 Rac8 20. Qb2 Ne5 21. Nc5 Nxd3 22. Nxd3 {½-½ (55) Nikolaidis,I (2493)-Mastrovasilis,A (2539) Leros 2010}) 14... c4 {[%emt 0:04:21]} 15. e4 {[%emt 0:05:40]} Re8 {[%emt 0:04:26]} 16. e5 {[%emt 0:03:08]} Nd5 {[%emt 0:00:44]} 17. Bxe7 {[%emt 0:00:45]} Qxe7 {[%emt 0:01:32]} 18. Ne4 {[%emt 0:00:28]} Nf8 $146 {[%emt 0:04:57]} ({Predecessor:} 18... f5 19. Nd6 Nf4 20. Qe3 Nd5 21. Qd2 {1-0 (48) Hascher,N (1970)-Djellouli,H (1984) France 2005}) 19. Nd6 {[%emt 0:07:11]} Red8 {[%emt 0:01:18]} 20. g3 {[%emt 0:03:50]} f5 {[%emt 0:07:17]} 21. Ne1 {[%emt 0:10:04]} Bc6 {[%emt 0:04:04]} 22. Ng2 {[%emt 0:05:00]} Be8 {[%emt 0:05:58]} (22... Ng6 $11) 23. f4 {[%emt 0:04:30]} (23. b3 $14) 23... Rab8 {[%emt 0:05:43]} 24. Ne3 {[%emt 0:00:30]} Nxe3 {[%emt 0:04:25]} 25. Qxe3 {[%emt 0:00:02]} Bc6 {[%emt 0:00:19]} 26. Bc2 {[%emt 0:00:28]} Nd7 {[%emt 0:01:29]} 27. Bd1 {[%emt 0:03:30]} Nb6 {[%emt 0:01:02]} 28. Bf3 {[%emt 0:01:16]} ({Better is} 28. b3 $11) 28... Nd5 {[%emt 0:00:51]} (28... Bxf3 $15 29. Qxf3 Nc8) 29. Qd2 {[%emt 0:01:59]} Qa7 {[%emt 0:01:20]} 30. h3 {[%emt 0:01:24]} Qe7 {[%emt 0:01:31]} (30... Ne7 $5 {[%cal Rc6f3]}) 31. Kh2 {[%emt 0:00:09]} Rf8 {[%emt 0:04:48]} 32. Rg1 {[%emt 0:01:08]} Ba8 {[%emt 0:01:58]} 33. Qf2 {[%emt 0:04:01]} Nb4 $11 {[%emt 0:01:41]} 1/2-1/2

[Event "3rd HoliCup Lake City 2019"]
[Site "Udaipur"]
[Date "2019.03.31"]
[Round "7.20"]
[White "Chourasiya, Hemant"]
[Black "Arun, Rathi"]
[Result "0-1"]
[WhiteElo "1558"]
[BlackElo "1939"]
[Annotator "NA RC"]
[PlyCount "158"]
[EventDate "2019.??.??"]
[EventCountry "IND"]
[SourceTitle "playchess.com"]
[Source "ChessBase"]
[SourceQuality "1"]
[TimeControl "5400+30"]

{[%evp 24,158,14,22,29,35,47,13,35,15,64,33,75,54,72,70,64,20,24,-7,0,-113,-92,-90,-89,-75,-84,-79,-96,-95,-94,-83,-55,-99,-81,-75,-111,-116,-97,-133,-137,-175,-170,-245,-268,-241,-262,-273,-292,-249,-242,-310,-206,-193,-168,-158,32767,32767,-166,-144,-166,-170,-164,-153,-175,-203,-250,-210,-162,-164,-73,-72,-77,-170,-172,-246,-292,-1326,-187,-177,-241,-204,-226,-233,-201,-927,-177,-349,-189,-175,32767,-168,-205,-171,-187,-451,0,-200,0,-158,-208,-188,-93,-47,-73,-57,-73,-27,-70,-103,-73,0,0,-391,0,-958,-1197,-1198,-1201,-1220,-3700,-1403,-1320,-5098,-6660,-8746,-6250,-12782,-5469,-29986,-29987,-29987,-29988,-29988,-29989,-29989,-29990]} 1. e4 {[%emt 0:00:00]} d6 {[%emt 0:00:33]} 2. d4 {[%emt 0:00:17]} g6 {[%emt 0:00:11]} 3. Be3 {[%emt 0:00:20]} Bg7 {[%emt 0:04:18]} 4. Bd3 {[%emt 0:00:50]} Nd7 {[%emt 0:01:37]} (4... Nf6 5. f3 e5 6. c3 Nbd7 7. Ne2 O-O 8. O-O d5 9. Kh1 dxe4 10. fxe4 exd4 11. cxd4 c5 12. Nbc3 cxd4 13. Nxd4 {0-1 (28) Wegener,D (2370)-Graf,A (2585) Gera 2018}) 5. Ne2 {[%emt 0:00:13]} e6 {[%emt 0:05:20]} 6. Qd2 {[%emt 0:00:29] B06: Modern Defence} h6 $146 {[%emt 0:00:47]} ({Predecessor:} 6... Ne7 7. O-O a6 8. c4 b6 9. Nbc3 Bb7 10. Rac1 Rc8 11. f4 f5 12. Ng3 {1-0 (45) Billmann,A (1911)-Neukum,N (1691) Mittelfranken 2007}) 7. Na3 {[%emt 0:00:28]} Ne7 {[%emt 0:00:33]} 8. c3 {[%emt 0:00:34]} b6 {[%emt 0:01:48]} 9. f3 {[%emt 0:00:49]} Bb7 {[%emt 0:00:17]} 10. Ng3 {[%emt 0:01:36]} a6 {[%emt 0:01:57]} 11. f4 {[%emt 0:00:09]} d5 {[%emt 0:02:52]} 12. e5 {[%emt 0:04:37]} h5 {[%emt 0:04:36]} 13. Ne2 {[%emt 0:02:00]} Nf5 {[%emt 0:02:57]} 14. Bf2 {[%emt 0:00:06]} Bf8 {[%emt 0:02:41]} 15. Ng1 {[%emt 0:01:50]} c5 {[%emt 0:02:37]} 16. Nf3 {[%emt 0:00:30]} b5 {[%emt 0:14:56]} 17. Nc2 {[%emt 0:02:51]} (17. Bxf5 $5 gxf5 18. Nc2 $14) 17... Qc7 {[%emt 0:07:37]} 18. Ng5 {[%emt 0:00:49]} Nb6 {[%emt 0:02:12]} 19. dxc5 {[%emt 0:03:51]} Bxc5 {[%emt 0:00:16]} 20. Nd4 {[%emt 0:00:14]} Nc4 {[%emt 0:08:35]} 21. Bxc4 {[%emt 0:01:41]} dxc4 {[%emt 0:00:27]} 22. O-O-O {[%emt 0:05:00]} (22. Nxf5 $11 gxf5 23. Bxc5 Qxc5 24. O-O-O) 22... O-O-O {[%emt 0:02:31]} 23. Qc2 {[%emt 0:01:03]} Bxd4 {[%emt 0:07:18]} 24. Bxd4 {[%emt 0:01:21]} Nxd4 {[%emt 0:03:13]} 25. Rxd4 {[%emt 0:00:11]} Rxd4 {[%emt 0:00:07]} 26. cxd4 {[%emt 0:00:05]} Rd8 {[%emt 0:00:23]} 27. Rd1 {[%emt 0:00:24]} Rd7 {[%emt 0:04:40]} 28. Ne4 {[%emt 0:03:09]} Bxe4 $1 {[%emt 0:00:08]} 29. Qxe4 {[%emt 0:00:02]} Qb7 {[%emt 0:00:07]} 30. Qe2 {[%emt 0:08:36]} Qd5 {[%emt 0:01:30]} 31. h3 {[%emt 0:02:45]} Rc7 {[%emt 0:00:57]} 32. Kb1 {[%emt 0:02:07]} (32. Qf3 $17 {is a better defense.}) 32... c3 {[%emt 0:04:54]} 33. Rc1 {[%emt 0:00:47]} (33. bxc3 $17 {is a better defense.} Rxc3 34. Qd2) 33... Qxd4 {[%emt 0:00:24]} 34. bxc3 {[%emt 0:10:40]} Rxc3 {[%emt 0:04:04]} ({Weaker is} 34... Qxf4 35. Rf1 $17) 35. Rxc3+ {[%emt 0:00:13]} Qxc3 {[%emt 0:00:02]} 36. Qe4 {[%emt 0:00:03]} Kb8 {[%emt 0:00:54]} 37. g4 {[%emt 0:00:52]} hxg4 {[%emt 0:03:02]} ({Don't do} 37... Qxh3 38. gxh5 gxh5 39. Qc6 $19) 38. hxg4 {[%emt 0:00:43]} b4 {[%emt 0:00:31]} 39. f5 {[%emt 0:01:12]} gxf5 {[%emt 0:01:58]} 40. gxf5 {[%emt 0:00:27]} b3 {[%emt 0:00:19]} 41. axb3 {[%emt 0:01:08]} Qxb3+ {[%emt 0:00:02]} 42. Kc1 {[%emt 0:01:00]} Qc3+ {[%emt 0:01:00]} 43. Kd1 {[%emt 0:01:12]} a5 {[%emt 0:01:16]} 44. Qa4 {[%emt 0:03:11] [#]} Kc7 $1 {[%emt 0:01:12]} ({Not} 44... exf5 45. Qe8+ Kc7 46. Qxf7+ {[%mdl 64] Double Attack} Kb6 47. Qxf5 $11) 45. Qb5 {[%emt 0:11:49]} exf5 {[%emt 0:00:28]} (45... Qb4 $142 46. Qe8 Qb3+ 47. Ke1 exf5 48. Qe7+ Kc6 49. Qd6+ Kb5 50. Qd7+ Kb4 51. Qd6+ Ka4) 46. Qd5 {[%emt 0:00:27]} Qc6 {[%emt 0:01:54]} (46... Qa1+ $19 {and Black stays clearly on top.} 47. Kc2 Qa4+ 48. Kb2 Kb6) 47. Qxa5+ {[%emt 0:01:08]} Kd7 {[%emt 0:00:01]} (47... Kc8 48. Ke2) 48. Ke2 {[%emt 0:04:40]} (48. Qd2+ $17 Kc7) 48... Ke6 {[%emt 0:00:02]} 49. Kf2 {[%emt 0:00:43]} Qc2+ {[%emt 0:00:21]} 50. Kg3 $2 {[%emt 0:00:31] [#]} (50. Ke1) 50... Qd3+ $2 {[%emt 0:00:43]} (50... f4+ $1 {[%mdl 512]} 51. Kh3 (51. Kxf4 Qf5+) 51... Qe2) 51. Kf2 {[%emt 0:00:47]} Qd4+ {[%emt 0:00:09]} 52. Kf1 {[%emt 0:01:18]} Qf4+ {[%emt 0:00:19]} 53. Kg1 {[%emt 0:00:24]} Qxe5 {[%emt 0:01:00]} 54. Qd8 $2 {[%emt 0:00:54]} (54. Qa6+ Qd6 55. Qc8+ Ke5 56. Qh8+ Kd5 57. Kg2) 54... Qa1+ {[%emt 0:01:52]} 55. Kg2 {[%emt 0:00:45]} Qb2+ {[%emt 0:00:18]} 56. Kg1 {[%emt 0:00:25]} Qc1+ {[%emt 0:00:35]} 57. Kf2 {[%emt 0:00:52]} Qc5+ {[%emt 0:00:03]} 58. Kf1 {[%emt 0:00:53]} Qc4+ {[%emt 0:00:30]} 59. Kf2 {[%emt 0:00:21]} Qc5+ {[%emt 0:01:11]} 60. Kf1 {[%emt 0:00:18]} Qc4+ $2 {[%emt 0:01:21]} (60... f4 $19 61. Qe8+ Qe7) 61. Kf2 {[%emt 0:00:32]} f4 {[%emt 0:00:00]} 62. Kf3 {[%emt 0:01:46]} Qf1+ $2 {[%emt 0:00:00]} (62... Qc3+ $19 {has better winning chances.} 63. Kg2 Qg3+ 64. Kf1 Qh3+ 65. Kf2 Qe3+ 66. Kf1 Qh3+ 67. Kf2 Qg3+ 68. Kf1 Qf3+ 69. Ke1 Qe3+ 70. Kf1 Qf3+ 71. Ke1 Qb3) 63. Kg4 {[%emt 0:00:59]} f5+ {[%emt 0:00:45]} 64. Kg5 {[%emt 0:00:20]} Qg2+ {[%emt 0:00:34]} 65. Kxf4 {[%emt 0:00:27]} Qf2+ {[%emt 0:00:02]} 66. Kg5 {[%emt 0:01:02] [#]} Qg3+ $1 {[%emt 0:00:02]} 67. Kh5 $1 {[%emt 0:01:03]} f4 {[%emt 0:00:11]} 68. Qc8+ $2 {[%emt 0:04:35] [#]} (68. Qa5 $11 {and White is okay.}) 68... Ke5 $2 {[%emt 0:00:21]} (68... Kd5 $1 $19 {[%cal Rd5e4]} 69. Qc2 f3 70. Qd3+ Ke5 71. Qe3+ Kf5 72. Qd3+ Kf6 73. Qd8+ Ke6) 69. Qc5+ $2 {[%emt 0:00:18]} (69. Qc4 $11) 69... Ke4 {[%emt 0:00:09]} 70. Qc6+ {[%emt 0:01:08]} Ke3 {[%emt 0:00:01]} 71. Qc1+ {[%emt 0:01:20] [#]} Kf2 $1 {[%emt 0:00:33]} 72. Qd2+ {[%emt 0:00:52]} Kg1 {[%emt 0:00:33]} 73. Qc1+ {[%emt 0:00:24]} Kg2 {[%emt 0:00:33]} 74. Qc2+ {[%emt 0:03:37]} Kh3 {[%emt 0:00:31]} 75. Qc8+ {[%emt 0:03:15]} Kh2 {[%emt 0:00:02]} 76. Qc7 {[%emt 0:00:22]} f3 {[%emt 0:00:25]} 77. Qc2+ {[%emt 0:01:58]} f2 {[%emt 0:00:04]} 78. Qd2 {[%emt 0:00:47]} Qg2 {[%emt 0:00:57]} 79. Qf4+ {[%emt 0:01:10]} Kh1 {[%emt 0:00:01]} 0-1